One way through the jungle in Borneo : (Record no. 5810)

MARC details
000 -LEADER
fixed length control field 00901cam a2200289 a 4500
001 - CONTROL NUMBER
control field 43818
003 - CONTROL NUMBER IDENTIFIER
control field GBCCL
005 - DATE AND TIME OF LATEST TRANSACTION
control field 20241126110550.0
008 - FIXED-LENGTH DATA ELEMENTS--GENERAL INFORMATION
fixed length control field 771111s1975 enkab b 00010 eng
010 ## -
-- 77369213
015 ## -
-- GB76-29414
035 ## - SYSTEM CONTROL NUMBER
System control number OCM03515462
040 ## - CATALOGING SOURCE
Original cataloging agency DLC
Transcribing agency DLC
Modifying agency LBB
043 ## -
-- a-bn---
049 ## -
-- LBBK
050 0# -
-- BV3345
-- .N53
082 ## - DEWEY DECIMAL CLASSIFICATION NUMBER
Classification number 266
Item number NIG
092 ## - LOCALLY ASSIGNED DEWEY CALL NUMBER (OCLC)
Classification number 266.00959
Item number N688
100 1# - MAIN ENTRY--PERSONAL NAME
Personal name Nightingale, Ken.
9 (RLIN) 10516
245 10 - TITLE STATEMENT
Title One way through the jungle in Borneo :
Remainder of title short stories from Borneo with questions to test your knowledge /
Statement of responsibility, etc. Ken Nightingale ; [illustrations by John Rawding].
260 ## - PUBLICATION, DISTRIBUTION, ETC.
Place of publication, distribution, etc. London :
Name of publisher, distributor, etc. OMF Books [for the] Borneo Evangelical Mission,
Date of publication, distribution, etc. 1975.
300 ## - PHYSICAL DESCRIPTION
Extent 205 p. :
Other physical details ill., map ;
Dimensions 19 cm.
504 ## - BIBLIOGRAPHY, ETC. NOTE
Bibliography, etc. note Bibliography: p. [205]
650 #0 - SUBJECT ADDED ENTRY--TOPICAL TERM
Topical term or geographic name entry element Missions
Geographic subdivision Borneo
9 (RLIN) 10517
650 #0 - SUBJECT ADDED ENTRY--TOPICAL TERM
Topical term or geographic name entry element Missionary stories
9 (RLIN) 4719
942 ## - ADDED ENTRY ELEMENTS (KOHA)
Source of classification or shelving scheme Dewey Decimal Classification
Koha item type Books
Holdings
Withdrawn status Lost status Source of classification or shelving scheme Damaged status Not for loan Home library Current Library Shelving location Date acquired Total checkouts Full call number Barcode Date last seen Copy number Price effective from Koha item type
    Dewey Decimal Classification     GRACE BIBLE COLLEGE GRACE BIBLE COLLEGE Ministry & Mission 2018-04-09   266 NIG 001406 2025-05-01 c.1 2018-04-09 Books
© Grace Bible College Library 2025